000 00689nam a2200265Ia 4500
003 OSt
005 20220912151756.0
006 a|||||r|||| 00| 0
007 ta
008 220909b |||||||| |||| 00| 0 eng d
024 _a53205
037 _cTextual
040 _aCSL
_beng
_cCSL
041 _aeng
082 _aJ:24, J01
100 _aLowe L T
245 0 _aSoil fertility and the the use of fertilizers
260 _aWorcester
_bLittlebury
_c1950
300 _a186p.
_ccm.
500 _aAppendix 174-75p; Glossary 176-79p
650 _a Soil fertility
650 _aAgriculture
942 _hJ:24, J01
_cTEXL
_2CC
999 _c75070
_d75070